01388 2200205 4500001002100000005001500021035002000036008004100056245003600097100001900133250000600152260003800158300001200196084001400208082000800222650001000230520091800240990001201158990001201170INLIS00000000000094720240531084945 a0010-0524000182240531 1 ind 1 aAbsolutely Him /cPrudensy Opit aOpit, Prudensy a1 aYogyakarta :bSheila/ Andi,c2013 a246 hlm a813 PRU a a813 4aFiksi aDari jam 10 pagi hingga jam 10 malam. 12 jam, full-time! Itulah jam kerja Reita di labnya tercinta dari hari Senin hingga hari Jumat, dari Spring hingga Winter. Setiap harinya, Reita harus menghadapi tingkah laku teman-teman Koreanya yang unik, para Profesor yang disiplin, tugas-tugas yang menggunung, serta berbagai hal lain yang terkadang sulit untuk dicerna akal sehat. Hari-hari Reita menjadi luar biasa sibuk dan seringkali kacau. Lalu siapa sangka di tengah-tengah musim semi yang indah, Reita malah terlibat dalam masalah pelik, yaitu berhutang dalam jumlah besar pada seorang cowok yang tidak dikenalnya. Masalah itu membuatnya terlibat dalam masalah-masalah lain yang kemudian datang secara beruntun. Yang paling membingungkan lagi, Reita malah terlibat cinta segitiga dengan seorang cowok Korea-Jepang yang tampan dan Ketua labnya, seorang cowok Korea berwajah manis. Siapakah yang akan dipilih Reita? a0741648 a0741649